Normal view
MARC view
Entry Corporate Name
001 - CONTROL NUMBER
- control field: 35186
003 - CONTROL NUMBER IDENTIFIER
- control field: MY-SjTCS
005 - DATE AND TIME OF LATEST TRANSACTION
- control field: 20191205122844.0
008 - FIXED-LENGTH DATA ELEMENTS
- fixed length control field: 090818 n acn||abb| n a|a d
039 #9 -
- : 201108251727
- : siew_eng
- : 200908181523
- : shuhada
040 ## - CATALOGING SOURCE
- Original cataloging agency: MY-SjTCS
- Transcribing agency: MY-SjTCS
110 2# - HEADING--CORPORATE NAME
- Corporate name or jurisdiction name as entry element: Musée national du Luxembourg (France)
410 2# - SEE FROM TRACING--CORPORATE NAME
- Corporate name or jurisdiction name as entry element: Musée du Luxembourg (France)
999 ## -
- : VIRTUA40 x
999 ## -
- : VTLSSORT0080*1100*4100*9991